000 01372nam a2200361Ia 4500
003 3228
005 20260326103703.0
008 210816s9999 xx 000 0 und d
020 _a9781845284107"
_qPaperback
040 _aRDA
_bENGLISH
_c3228
082 _a392.5 WRIG
100 _a Wright, Lynda Oxford, 2010
_915533
_d2010.
110 _9194397
_aHow To Books
111 _9178758
_aBible Society of South Africa
245 0 _aThe step-by-step guide to planning your wedding
_c Lynda Wright.
250 _a1st Edition.
260 _aOxford :
_bHow To Books,
_c2010.
300 _a167 pages
_bColour illustrations:
_c21 cm
504 _aNot included
520 _aIf you're planning your wedding, this is the book you'll carry around with you everywhere. Logical, easy-to-use and practical, Lynda Wright's workbook-style guide has done all the thinking for you.
521 _aAdult
600 0 _915538
_a Wright, Lynda Oxford, 2010
_d2010.
610 0 _9194397
_aHow To Books
648 0 _9185762
_aKabbala
651 0 _9196576
_aSouth Africa
654 _9184056
_aWedding cakes
655 0 _9181978
_aAdult Non-Fiction
690 _9192027
_a Interior decoration
700 _915533
_a Wright, Lynda Oxford, 2010
_d2010.
_eAuthor.
710 _9194397
_aHow To Books
711 _9178758
_aBible Society of South Africa
942 _cBOOK
_2ddc
_y559
_zNosiswe Mogale
999 _c109402
_d109401